South Eastern Kenya University

Library Online Public Access Catalogue


Management : (Record no. 3194)

MARC details
000 -LEADER
fixed length control field 00545cam a2200181 a 4500
020 ## - INTERNATIONAL STANDARD BOOK NUMBER
International Standard Book Number 9780072923308 (alk. paper)
020 ## - INTERNATIONAL STANDARD BOOK NUMBER
International Standard Book Number 007292330X (alk. paper)
050 00 - LIBRARY OF CONGRESS CALL NUMBER
Classification number HD31
Item number .B369485 2007
100 1# - MAIN ENTRY--PERSONAL NAME
Personal name Bateman, Thomas S.
245 10 - TITLE STATEMENT
Title Management :
Remainder of title leading & collaborating in a competitive world /
Statement of responsibility, etc. Thomas S. Bateman, Scott A. Snell.
250 ## - EDITION STATEMENT
Edition statement 7th ed.
260 ## - PUBLICATION, DISTRIBUTION, ETC. (IMPRINT)
Place of publication, distribution, etc. Boston, Mass, :
Name of publisher, distributor, etc. McGraw-Hill/Irwin,
Date of publication, distribution, etc. 2007.
300 ## - PHYSICAL DESCRIPTION
Extent xxxiv, 624 p. :
500 ## - GENERAL NOTE
General note Includes index
650 #0 - SUBJECT ADDED ENTRY--TOPICAL TERM
Topical term following geographic name as entry element Management
700 1# - ADDED ENTRY--PERSONAL NAME
Personal name Snell, Scott,
942 ## - ADDED ENTRY ELEMENTS (KOHA)
Koha item type General circulation
Holdings
Withdrawn status Lost status Source of classification or shelving scheme Damaged status Not for loan Home library Current library Date acquired Cost, normal purchase price Total Checkouts Full call number Barcode Date last seen Cost, replacement price Koha item type Public note Shelving location Date last checked out Price effective from
    Library of Congress Classification     Kitui Town Campus Library Kitui Town Campus Library 01/04/2015 6863.43   HD 31 .B369485 2007 2024/027668 01/04/2015 7363.43 General circulation mk General Stacks    
    Library of Congress Classification     Kitui Town Campus Library Kitui Town Campus Library 01/04/2015 6863.43 1 HD 31 .B36 2007 2024/027669 21/03/2018 7363.43 General circulation   General Stacks 13/03/2018  
    Library of Congress Classification     Main Campus Library Main Campus Library 08/09/2014 6863.43   HD31 .B36 2016/019283 08/09/2014 7363.43 General circulation BONNIE      
    Library of Congress Classification     Main Campus Library Main Campus Library 10/06/2022   1 HD31 .B36 2013 2016/000771 06/03/2026   General circulation     23/02/2026 10/06/2022
    Library of Congress Classification     Wote Campus Library Wote Campus Library 05/03/2015 6863.43 1 HD31 .B36 2024/027408 12/07/2016 7363.43 General circulation   General Stacks 17/03/2016 05/03/2015
Kitui, Kenya.
+254736116989
library@seku.ac.ke